Restauración de la obra de Antonio Viladomat en Mataró : los lienzos pertenecen a la capilla de los Dolores de la basílica de Santa María / Luis Soler Fonrodona los lienzos pertenecen a la capilla de los Dolores de la basílica de Santa María / Luis Soler Fonrodona
Publicado:
San Jorge, núm. 75 (3r trimestre 1969), pàg 24 - 29 :
MARC
| LEADER | 00000nam a2200000Ia 4500 | ||
|---|---|---|---|
| 001 | |||
| 008 | 160829s9999 xx 000 0 cat d | ||
| 100 | |a Soler i Fonrodona, Lluís |9 40203 | ||
| 245 | |a Restauración de la obra de Antonio Viladomat en Mataró : |b los lienzos pertenecen a la capilla de los Dolores de la basílica de Santa María / Luis Soler Fonrodona | ||
| 260 | |a San Jorge, núm. 75 (3r trimestre 1969), pàg 24 - 29 | ||
| 590 | |a Conté 5 fotografies | ||
| 650 | |a Esglésies |x Conservació i restauració |9 22575 | ||
| 650 | |a Capella dels Dolors de la Basílica de Santa Maria (Mataró) |9 40302 | ||
| 650 | |a Viladomat i Manald, Antoni |9 40488 | ||
| 901 | |a Arxiu | ||
| 942 | |n 1 | ||
| 952 | |0 0 |1 0 |4 0 |7 1 |9 49557 |a Arxiu |b Arxiu |d 2016-12-01 |l 0 |r 2016-12-01 00:00:00 |w 2016-12-01 |y ARXIU | ||
| 999 | |c 53399 |d 53399 | ||